Sports Quiz

Random Sports or NHL Quiz

NHL Stanley Cup Winners Quiz Stats

 Plays Quiz Updated Jun 12, 2019

Score 0/92 Timer 12:00
4 Plays Today
Year Team Name % Correct
2018Washington Capitals
88.6%
2019St. Louis Blues
88.6%
2017Pittsburgh Penguins
87.9%
2015Chicago Blackhawks
87%
2016Pittsburgh Penguins
86.7%
2013Chicago Blackhawks
86.7%
2014Los Angeles Kings
85.4%
2012Los Angeles Kings
85.1%
2008Detroit Red Wings
84.6%
2009Pittsburgh Penguins
76.1%
2007Anaheim Ducks
75%
2006Carolina Hurricanes
74.6%
2004Tampa Bay Lightning
73.7%
1994New York Rangers
72.6%
2002Detroit Red Wings
71.9%
2003New Jersey Devils
71.9%
2000New Jersey Devils
71.8%
1999Dallas Stars
71.4%
1997Detroit Red Wings
70.9%
1998Detroit Red Wings
70.9%
2001Colorado Avalanche
70.2%
1985Edmonton Oilers
69.1%
1984Edmonton Oilers
69%
1983New York Islanders
68.1%
1987Edmonton Oilers
67.7%
1993Montreal Canadiens
67.7%
1988Edmonton Oilers
67.5%
1982New York Islanders
67%
1981New York Islanders
66.6%
1992Pittsburgh Penguins
66%
1995New Jersey Devils
65.8%
Year Team Name % Correct
1991Pittsburgh Penguins
65.4%
1996Colorado Avalanche
65.1%
1980New York Islanders
63.7%
2010Chicago Blackhawks
63.1%
1990Edmonton Oilers
62.6%
1986Montreal Canadiens
62.2%
1989Calgary Flames
60.7%
1968Montreal Canadiens
60%
1969Montreal Canadiens
59.8%
1967Toronto Maple Leafs
59.4%
1979Montreal Canadiens
59.3%
1978Montreal Canadiens
59.3%
1976Montreal Canadiens
59.2%
1977Montreal Canadiens
59.1%
1971Montreal Canadiens
58.9%
1973Montreal Canadiens
58.6%
1970Boston Bruins
58.4%
1975Philadelphia Flyers
58.4%
1960Montreal Canadiens
57.9%
1974Philadelphia Flyers
57.7%
1959Montreal Canadiens
57.6%
1966Montreal Canadiens
57.5%
1965Montreal Canadiens
57.4%
1958Montreal Canadiens
57.2%
1957Montreal Canadiens
56.8%
1956Montreal Canadiens
56.8%
1972Boston Bruins
56.3%
1964Toronto Maple Leafs
55.8%
1962Toronto Maple Leafs
55.7%
1963Toronto Maple Leafs
55.5%
1961Chicago Black Hawks
55.3%
Year Team Name % Correct
2011Boston Bruins
53.7%
1953Montreal Canadiens
53.4%
1955Detroit Red Wings
53%
1931Montreal Canadiens
52.9%
1930Montreal Canadiens
52.8%
1932Toronto Maple Leafs
51.9%
1944Montreal Canadiens
51.9%
1946Montreal Canadiens
51.9%
1954Detroit Red Wings
51.7%
1951Toronto Maple Leafs
51.5%
1940New York Rangers
51.5%
1929Boston Bruins
51.3%
1928New York Rangers
51.2%
1949Toronto Maple Leafs
50.8%
1933New York Rangers
50.7%
1948Toronto Maple Leafs
50.6%
1952Detroit Red Wings
50.6%
1947Toronto Maple Leafs
50.4%
1950Detroit Red Wings
50.2%
1942Toronto Maple Leafs
50.2%
1945Toronto Maple Leafs
49.9%
1941Boston Bruins
49.1%
1934Chicago Black Hawks
49%
1943Detroit Red Wings
48.5%
1939Boston Bruins
47.7%
1927Ottawa Senators
47.4%
1936Detroit Red Wings
47%
1938Chicago Black Hawks
47%
1937Detroit Red Wings
46.9%
1935Montreal Maroons
38.5%

You're not logged in!

Compare scores with friends on all Sporcle quizzes.
OR
Log In

Sporcle TV

Today on Sporcle TV


Watch our educational content, quiz creation guides, and fun videos on Sporcle TV.

Show Comments

Extras

Top Quizzes Today


Score Distribution

Your Account Isn't Verified!

In order to create a playlist on Sporcle, you need to verify the email address you used during registration. Go to your Sporcle Settings to finish the process.

Report this User

Report this user for behavior that violates our Community Guidelines.

Details: